logo

Bir Sreshtho Munshi Abdur Rouf Library
Jhenaidah Cadet College

The Buffalo Soldiers / (Record no. 7352)

MARC details
000 -LEADER
fixed length control field 01163cam a2200325 a 4500
001 - CONTROL NUMBER
JCCL Control Number 7352
003 - CONTROL NUMBER IDENTIFIER
JCCL marc code BD-JhCC
005 - DATE AND TIME OF LATEST TRANSACTION
control field 20180422084232.0
008 - FIXED-LENGTH DATA ELEMENTS--GENERAL INFORMATION
fixed length control field 040713s1965 mnuab j b 001 0 eng
035 ## - SYSTEM CONTROL NUMBER
system control number (BD-JhCC)7352
040 ## - CATALOGING SOURCE
Original cataloging agency DLC
Transcribing agency DLC
Modifying agency DLC
-- BD-JhCC
041 ## - LANGUAGE CODE
Language code of Book eng
050 00 - LIBRARY OF CONGRESS CALL NUMBER
Classification number E185.925
Item number .F58 2005
082 00 - DEWEY DECIMAL CLASSIFICATION NUMBER
Classification number 823.912
DDC Edition number 22
Author mark and Year PRE 1965
100 1# - MAIN ENTRY--PERSONAL NAME
Personal name Prebble, John
245 14 - TITLE STATEMENT
Title The Buffalo Soldiers /
Statement of responsibility, etc John Prebble
260 ## - PUBLICATION, DISTRIBUTION, ETC. (IMPRINT)
Place of publication, distribution, etc London :
Name of publisher, distributor, etc Heinemann Educational,
Date of publication, distribution, etc 1965
300 ## - PHYSICAL DESCRIPTION
Pagination 48 p. :
Other physical details ill. (some col.), 1 col. map ;
Dimensions 24 cm.
490 1# - SERIES STATEMENT
Series statement We the people
610 10 - SUBJECT ADDED ENTRY--CORPORATE NAME
Corporate name or jurisdiction name as entry element United States.
Subordinate unit Army
610 10 - SUBJECT ADDED ENTRY--CORPORATE NAME
Corporate name or jurisdiction name as entry element United States.
Subordinate unit Army.
-- Cavalry, 9th
610 10 - SUBJECT ADDED ENTRY--CORPORATE NAME
Corporate name or jurisdiction name as entry element United States.
Subordinate unit Army.
-- Cavalry, 10th
650 #0 - SUBJECT ADDED ENTRY--TOPICAL TERM
Topical term or geographic name as entry element African Americans
Geographic subdivision West (U.S.)
General subdivision History
Chronological subdivision 19th century
Form subdivision Juvenile literature.
650 #0 - SUBJECT ADDED ENTRY--TOPICAL TERM
Topical term or geographic name as entry element African American soldiers
Geographic subdivision West (U.S.)
General subdivision History
Chronological subdivision 19th century
Form subdivision Juvenile literature.
650 #0 - SUBJECT ADDED ENTRY--TOPICAL TERM
Topical term or geographic name as entry element Frontier and pioneer life
Geographic subdivision West (U.S.)
Form subdivision Juvenile literature.
650 #0 - SUBJECT ADDED ENTRY--TOPICAL TERM
Topical term or geographic name as entry element Indians of North America
General subdivision Wars
Chronological subdivision 1866-1895
Form subdivision Juvenile literature.
651 #0 - SUBJECT ADDED ENTRY--GEOGRAPHIC NAME
Geographic name West (U.S.)
General subdivision History
Form subdivision Juvenile literature.
942 ## - ADDED ENTRY ELEMENTS (KOHA)
Source of classification or shelving scheme Dewey Decimal Classification
Koha item type Books
Holdings
Source of classification or shelving scheme Damaged status Not for loan Home library Current library Shelving location Total Checkouts Full call number Barcode Date last seen Copy number Koha item type
Dewey Decimal Classification     JCC Rouf Library JCC Rouf Library General Stacks   823.912 PRE 2005 9899 02/08/2018 C - 1 Books

JCC Library | Contacts | JCC Home

Last Update on 23 September 2017
Copyright @ 2017-2020 JCC Rouf Library
Rouf Library, Jhenidah Cadet College (JCC), Bangladesh